A Communicative grammar of English / (Record no. 10607)

MARC details
000 -LEADER
fixed length control field 00816nam a22002532 4500
001 - CONTROL NUMBER
control field 0000002613
005 - DATE AND TIME OF LATEST TRANSACTION
control field 20151217154335.0
008 - FIXED-LENGTH DATA ELEMENTS--GENERAL INFORMATION
fixed length control field 070416s xx 000 0 eng d
020 ## - INTERNATIONAL STANDARD BOOK NUMBER
Terms of availability KES 525
040 ## - CATALOGING SOURCE
Original cataloging agency KABU
Transcribing agency KABU
050 #0 - LIBRARY OF CONGRESS CALL NUMBER
Classification number PE1128
Item number .L44 2002
100 1# - MAIN ENTRY--PERSONAL NAME
Personal name Leech, Geoffrey.
-- 0000152038
245 12 - TITLE STATEMENT
Title A Communicative grammar of English /
Statement of responsibility, etc. Geoffrey Leech and Jan Svertvik.
250 ## - EDITION STATEMENT
Edition statement 3rd ed.
260 ## - PUBLICATION, DISTRIBUTION, ETC. (IMPRINT)
Place of publication, distribution, etc. Patparganj, Delhi :
Name of publisher, distributor, etc. Pearson Education,
Date of publication, distribution, etc. c2002.
300 ## - PHYSICAL DESCRIPTION
Extent xiv, 440 p. ;
Dimensions 24 cm.
500 ## - GENERAL NOTE
General note Includes index.
650 #0 - SUBJECT ADDED ENTRY--TOPICAL TERM
Topical term or geographic name as entry element English language
General subdivision Textbooks for foreign speakers.
-- 0000152039
650 #0 - SUBJECT ADDED ENTRY--TOPICAL TERM
Topical term or geographic name as entry element English language
General subdivision Grammar.
-- 0000151342
700 1# - ADDED ENTRY--PERSONAL NAME
Personal name Svartvik, Jan.
-- 0000152040
908 ## - PUT COMMAND PARAMETER (RLIN)
Put command parameter 070416
950 ## - LOCAL HOLDINGS (RLIN)
-- 1
Holdings
Withdrawn status Lost status Source of classification or shelving scheme Not for loan Home library Current library Date acquired Total Checkouts Full call number Barcode Date last seen Date last checked out Price effective from Koha item type
    Library of Congress Classification   Kabarak, Main Campus Kabarak, Main Campus 17/12/2015 7 PE1128 .L44 2002 007966 04/03/2020 25/02/2020 17/12/2015 General Collection
Designed with assistance from East African Informatics Ltd